000 00464 a2200169 4500
999 _c26596
_d26596
008 230620b ||||| |||| 00| 0 eng d
020 _a9788131760697
_cRs.749.00
041 0 _aeng
082 0 0 _a621.81
_bS61735
100 _aSingh, Sadhu
245 _aTheory of Machines :Kinematics and Dynamics /
_cSadhu Singh
250 _a3rd ed.
260 _aDelhi:
_bPearson,
_c2012.
300 _axxi, 1370 p. :
_bill. ;
_c24 cm
650 0 _aMechanics
942 _2ddc
_cBK